000 01628cam a22003974i 4500
003 PE-LiUPU
005 20250731173208.0
008 150625s r 000 0 d
035 _a(Sirsi) a31634
040 _aPE-LiUPU
_bspa
_cPE-LiUPU
_erda
082 0 4 _a220.63BN
_bL141987
_221
100 1 _aLaconi, Mauro,
_eautor.
245 1 0 _aSan Lucas y su Iglesia.
264 1 _aNavarra :
_bVerbo Divino,
_c1987.
300 _a140 páginas ;
_c18.5 cm.
336 _atext
_2rdacontent
337 _aunmediated
_2rdamedia
338 _avolume
_2rdacarrier
505 0 _aLa iglesia de Lucas. Problemas. -La denuncia serena de Lucas. -Comunion fraterna y distanciamiento de los biene terrenos. -Los problemas de 7una iglesia misioner: escuchar la palabra. -Catequesis eclesial, itinerario de fe. -La oracion, el espiritu y la historia de Dios. -El reino y su gozosa liturgia de alabanza. -La comunidad de lucas, consideracion sintetica. -Un metodo de investigacion: sugerencias. -.
526 _aSEG42
526 _aSEG41
526 _aSEG40
526 _aSEG39
526 _aP94
526 _aP87
526 _aP86
526 _aP85
526 _aP77
526 _aP76
526 _aP35
942 _2ddc
_cBOOK
949 _a220.63BN L14 1987
_wDEWEY
_c1
_i37131
_lCCODEBUL1
_mBUL
_p00.00
_r0
_sY
_tBOOK
_u2015-06-25
_xBIBLIOTECA
_zUNKNOWN
_0COMPRA
_o.STAFF. Colección General
596 _a1
999 _a220.63BN L14 1987
_wDEWEY
_c39204
_i37131
_f2021-11-9
_g5
_lCCODEBUL1
_mBUL
_r0
_sY
_tBOOK
_u2015-6-25
_xTEOLOGIA
_zUNKNOWN
_0COMPRA
_o.STAFF. Colección General
_d39204
980 _81
_gALBERTO SANCHEZ Responsable de Automatización